[Event "Titled Tuesday intern op 1st Nov 2pm"]
[Site "Chess.com INT"]
[Date "2016.11.01"]
[Round "3"]
[White "Larson, Matthew W"]
[Black "Jackson, Bell"]
[Result "1-0"]
[WhiteElo "2334"]
[BlackElo "2241"]
[PlyCount "187"]
[EventDate "2016.11.01"]
[EventType "swiss (blitz)"]
[EventRounds "9"]
[EventCountry "USA"]
[SourceTitle "EXT 2021"]
[Source "ChessBase"]
[SourceDate "2020.10.23"]
[SourceVersion "1"]
[SourceVersionDate "2020.10.23"]
[SourceQuality "1"]

1. e4 e5 2. Nf3 Nc6 3. Bc4 Nf6 4. d3 Bc5 5. 0-0 0-0 6. h3 d5 7. exd5 Nxd5 8. Re1 Nb6 9. Bb3 a5 10. a3 a4 11. Ba2 Qf6 12. Nbd2 Qg6 13. Ne4 Be7 14. Ng3 Be6 15. Nxe5 Nxe5 16. Rxe5 Bf6 17. Re1 Bd5 18. Bxd5 Nxd5 19. Qf3 c6 20. c3 Rfd8 21. d4 Nb6 22. Bf4 Nc4 23. Qe2 b5 24. Ne4 Be7 25. Nd2 Nxd2 26. Qxd2 Bf6 27. Re2 c5 28. Be5 Bxe5 29. Rxe5 cxd4 30. cxd4 Qf6 31. Rae1 Rab8 32. Qb4 h6 33. d5 g6 34. d6 Rxd6 35. Rxb5 Rxb5 36. Qxb5 Rb6 37. Qxa4 Rxb2 38. Qe8+ Kg7 39. Qe5 Rxf2 40. Qxf6+ Rxf6 41. Ra1 Ra6 42. a4 Ra5 43. Kf2 Kf6 44. Ke3 Ke5 45. Kd3 Kd5 46. Ke3 f5 47. Kf4 Kd4 48. h4 Kd3 49. g3 Kd4 50. Ra3 Kc4 51. Ra1 Kc3 52. Kf3 Kb2 53. Re1 Ra6 54. Re8 Kb3 55. Rh8 h5 56. Kf4 Rxa4+ 57. Kf3 Ra6 58. Rg8 Kc4 59. Kf4 Kd5 60. Kg5 Ke4 61. Rxg6 Ra8 62. Kxh5 f4 63. gxf4 Kxf4 64. Rg4+ Kf5 65. Rg5+ Kf6 66. Kg4 Ra4+ 67. Kg3 Ra1 68. Rb5 Rg1+ 69. Kh3 Kg6 70. Rb6+ Kf5 71. Ra6 Kf4 72. Rf6+ Ke5 73. Rf8 Ke4 74. h5 Ke5 75. Kh4 Ke6 76. h6 Ke7 77. Rf2 Rh1+ 78. Kg5 Rg1+ 79. Kh5 Rh1+ 80. Kg6 Rg1+ 81. Kh7 Ke6 82. Rf8 Ke7 83. Rg8 Rh1 84. Rg6 Kf7 85. Rg7+ Kf8 86. Ra7 Rg1 87. Kh8 Rg2 88. Rg7 Rh2 89. Rg6 Rh1 90. Rf6+ Ke7 91. Kg7 Rg1+ 92. Rg6 Rxg6+ 93. Kxg6 Kf8 94. h7 1-0

[Event "Titled Tuesday intern op 5th Jan"]
[Site "Chess.com INT"]
[Date "2016.01.05"]
[Round "6"]
[White "Jackson, Bell"]
[Black "Deviatkin, Andrei"]
[Result "0-1"]
[WhiteElo "2265"]
[BlackElo "2528"]
[PlyCount "90"]
[EventDate "2016.01.05"]
[EventType "swiss (blitz)"]
[EventRounds "9"]
[EventCountry "USA"]
[SourceTitle "EXT 2021"]
[Source "ChessBase"]
[SourceDate "2020.10.23"]
[SourceVersion "1"]
[SourceVersionDate "2020.10.23"]
[SourceQuality "1"]

1. e4 Nf6 2. e5 Nd5 3. d4 d6 4. c4 Nb6 5. f4 g5 6. fxg5 dxe5 7. c5 Nd5 8. dxe5 Bg7 9. Nf3 Nc6 10. Bc4 Be6 11. Bb5 0-0 12. Bxc6 bxc6 13. 0-0 Nb4 14. Nc3 Nd3 15. Qc2 Nxe5 16. Bf4 Qd3 17. Rac1 Qxc2 18. Rxc2 Nd3 19. Bxc7 Rac8 20. Bg3 Nxc5 21. Be5 Rfd8 22. Bxg7 Kxg7 23. b4 Nd3 24. a3 c5 25. b5 c4 26. Ne2 Rc5 27. Ned4 Bg4 28. h3 Bd7 29. a4 e5 30. Ne2 Bf5 31. Ng3 Bg6 32. Nh4 Rd7 33. Nxg6 hxg6 34. Ne4 Rcc7 35. Rd1 Rd4 36. Nf6 Kf8 37. Ng4 Nb4 38. Rcc1 Rxd1+ 39. Rxd1 c3 40. Nf6 c2 41. Rd8+ Ke7 42. Re8+ Kd6 43. Ne4+ Kd5 44. Nf6+ Kc4 45. Rxe5 c1Q+ 0-1

[Event "Titled Tuesday intern op 1st Dec"]
[Site "Chess.com INT"]
[Date "2015.12.01"]
[Round "2"]
[White "Babiy, Igor"]
[Black "Jackson, Bell"]
[Result "1-0"]
[WhiteElo "2234"]
[BlackElo "2152"]
[PlyCount "63"]
[EventDate "2015.12.01"]
[EventType "swiss (blitz)"]
[EventRounds "9"]
[EventCountry "USA"]
[SourceTitle "EXT 2021"]
[Source "ChessBase"]
[SourceDate "2020.10.23"]
[SourceVersion "1"]
[SourceVersionDate "2020.10.23"]
[SourceQuality "1"]

1. Nf3 Nf6 2. c4 e6 3. Nc3 d5 4. d4 Bb4 5. Qa4+ Nc6 6. e3 Ne4 7. Qc2 0-0 8. Bd3 Nf6 9. 0-0 dxc4 10. Bxc4 Re8 11. a3 Bf8 12. b4 a6 13. Bb2 e5 14. dxe5 Nxe5 15. Nxe5 Rxe5 16. Rad1 Qe8 17. Nd5 Nxd5 18. Bxe5 Nxb4 19. Qb2 Nc6 20. Bxc7 Qe4 21. Bd5 Qg6 22. Bg3 h5 23. Qb1 Bf5 24. Qxb7 Rc8 25. e4 Bg4 26. f3 Bc5+ 27. Kh1 Nd8 28. Qb3 Be6 29. Bxe6 Nxe6 30. Rd5 Nd4 31. Qb7 Qe6 32. Bf2 1-0

[Event "Titled Tuesday intern op1 1st Dec"]
[Site "Chess.com INT"]
[Date "2015.12.01"]
[Round "9"]
[White "Jackson, Bell"]
[Black "Gabrielian, Artur"]
[Result "0-1"]
[WhiteElo "2195"]
[BlackElo "2545"]
[PlyCount "76"]
[EventDate "2015.12.01"]
[EventType "swiss (blitz)"]
[EventRounds "9"]
[EventCountry "USA"]
[SourceTitle "EXT 2021"]
[Source "ChessBase"]
[SourceDate "2020.10.23"]
[SourceVersion "1"]
[SourceVersionDate "2020.10.23"]
[SourceQuality "1"]

1. e4 c5 2. Nf3 e6 3. d4 cxd4 4. Nxd4 Nf6 5. Nc3 d6 6. Be2 a6 7. a4 Nbd7 8. 0-0 b6 9. f4 Bb7 10. Bf3 Qc7 11. Re1 Rc8 12. Be3 Be7 13. Bf2 h5 14. g3 g6 15. h3 e5 16. Nb3 h4 17. gxh4 exf4 18. Rc1 Ne5 19. Bd4 Rxh4 20. Kg2 Qd7 21. Rh1 Rxc3 22. Bxc3 Nxf3 23. Kxf3 Bxe4+ 24. Kf2 Bxh1 25. Qxh1 d5 26. Bxf6 Bxf6 27. Kg2 Qxa4 28. Qe1+ Qe4+ 29. Kh2 Kf8 30. Qf2 Qf5 31. Qf3 Kg7 32. Rd1 Qxc2+ 33. Nd2 Qxb2 34. Qxd5 Rh5 35. Qf3 Re5 36. Kh1 Re3 37. Qg2 Rg3 38. Qf1 Qc2 0-1